00971cam a2200301 a 45000010009000000050017000090080041000260100017000670150019000840160018001030200018001210200015001390350024001540350021001780400054001990410008002530800014002610820018002751000007002931010008003002450097003082460026004055040051004319060045004829420012005279990017005399520113005561486397620180313083644.0070524s2008 njua b 001 0 eng  a 2007021990 aGBA7387522bnb7 a0137512082Uk a9780132308298 a0132308290 a(OCoLC)ocn137244753 a(OCoLC)137244753 aDLCcDLCdYDXdBTCTAdBAKERdYDXCPdUKMdIJ5dDLC aeng a659.1 LAN00a659.1 LAN2221 a60 aMAR10aKleppner's advertising procedure /cW. Ronald Lane, Karen Whitehill King, J. Thomas Russell.30aAdvertising procedure aIncludes bibliographical references and index. a7bcbccorignewd1eecipf20gy-gencatlg 2ddccBK c44895d44895 00102udc40708PËKGa002b002cPËKGd2018-03-13l0o659.1 LANp002-3002125r2018-03-13w2018-03-13yBK